000 00353nam a22001337a 4500
082 _a330
_bKAN/C
100 _aKANT, RAVI
245 _aCUET-ECONOMICS PRACTICE PAPERS
246 _aCUET-ECONOMICS PRACTICE PAPERS
_bCUET-ECONOMICS PRACTICE PAPERS
260 _aNEW DELHI
_bINTER UNIVERSITY PRESS
_c2024
300 _a95
650 _aECONOMICS
942 _cBK
999 _c8938
_d8938